000 00698nam a2200253 a 4500
001 nice12345678
003 IN_TiNIC
005 20260116013331.0
008 050524s1992 dela grp 000 0 eng
020 _a8185618
_c225
082 0 0 _a294.395496
_bGEL
100 _aGellner, David N
245 _aMonk, Householder & Tantric Priest
_b Newar Buddhism & It Hierarchy of Ritual
260 _aDelhi
_bCambridge University Press
_c1992
300 _a428p
500 _aincludes index and biblioraphy
505 2 _aBibliography, Index
650 _aBuddhism-Nepal
650 _aBuddhism-Tantric
700 1 _aGellner, David N
902 _bSRS
942 _cBK
999 _c10596
_d10596